Atatürk'ün Sovyetler'le görüşmeleri : (Record no. 13390)
[ view plain ]
| 000 -BAŞLIK | |
|---|---|
| Sabit Uzunlukta Kontrol Alanı | 00826nam a22002417a 4500 |
| 999 ## - SİSTEM KONTROL NUMARALARI (KOHA) | |
| Koha Biblionumber | 13390 |
| Koha Biblioitemnumber | 13390 |
| 003 - KONTROL NUMARASI IDENTIFIER | |
| Denetim Alanı | MIRAKIL |
| 005 - SON İŞLEM TARİHİ VE ZAMANI | |
| Denetim Alanı | 20211214000615.0 |
| 008 - SABİT-BOY VERİ ELEMANLARI - GENEL BİLGİLER | |
| Sabit Uzunlukta Kontrol Alanı | 190708b tu ||||| |||| 00| 0 tur d |
| 020 ## - ULUSLARARASI STANDART KİTAP NUMARASI | |
| Uluslararası Standart Kitap Numarası | 975343409X |
| 040 ## - KATALOGLAMA KAYNAK | |
| Orijinal Kataloglama Ajansı | TR-AnCHP |
| Metne Dönüştürmek Ajansı | TR-AnCHP |
| 041 ## - DİL KODU | |
| Metin / Ses Parça Veya Ayrı Başlığın Dil Kodu | tur |
| 082 ## - DEWEY ONLU SINIFLANDIRMA NUMARASI | |
| Sınıflandırma Numarası | ATA 327.56047 |
| Ürün Numarası | P36a 2005 |
| 100 1# - ANA GİRİŞ - KİŞİSEL İSİM | |
| Kişisel Ad | Perinçek, Mehmet, |
| Bir Adıyla İlişkilendirilen Tarihler | 1978- |
| 245 10 - BAŞLIK TABLOSU | |
| Başlık | Atatürk'ün Sovyetler'le görüşmeleri : |
| Başlığın Kalan | Sovyet arşiv belgeleriyle / |
| Sorumluluk Tablosu, Vb | Mehmet Perinçek. |
| 260 ## - YAYIN, DAĞITIM, VB | |
| Yayın, Dağıtım, Vb Yeri | İstanbul : |
| Yayıncı, Dağıtıcı, Vs Adı | Kaynak yayınları, |
| Yayın, Dağıtım, Vb Tarihi | 2005. |
| 300 ## - FİZİKSEL TANIM | |
| Kapsam | 488 s. : |
| Diğer Fiziksel Ayrıntıları | fotg. ; |
| Boyutlar | 20 sm. |
| 490 0# - SERİSİ TABLOSU | |
| Seri Beyanı | Kaynak yayınları; |
| Hacim / Ardışık Tanımı | 405. |
| 504 ## - KAYNAKÇA VB NOT | |
| Kaynakça Vb Notu | Kaynakça ve dizin vardır. |
| 600 14 - KONU KATMA GİRİŞ - KURUMSAL ADI | |
| Kişisel Ad | Atatürk, Gazi Mustafa Kemal |
| Bir Adıyla İlişkilendirilen Tarihler | 1881-1938 |
| 9 (RLIN) | 1465 |
| 650 #0 - KONU KATMA GİRİŞ - TOPİKAL DÖNEM | |
| Topikal Süreli Veya Coğrafi Ad Giriş Elemanı | Siyaset ve yönetim |
| Genel Alt Bölümü | Türkiye |
| Kronolojik Alt Bölümü | 1919- |
| 9 (RLIN) | 9 |
| 651 #0 - KONU KATMA GİRİŞ - COĞRAFİ ADI | |
| Coğrafi İsim | Türkiye |
| Genel Alt Bölümü | Dış ilişkiler |
| -- | Sovyetler Birliği |
| 9 (RLIN) | 5416 |
| 942 ## - EKLENDİ GİRİŞ ELEMANLARI (KOHA) | |
| Sınıflandırma Veya Raf Düzeni Kaynak | Dewey Decimal Classification |
| Koha Öğesi Türü | Books |
| Kullanım Kısıtlamaları | Kalıcı Konum | Mevcut Konum | Edinme Tarihi | Toplam Check-Out'Lar | Tam Çağrı Numarası | Barkod | Tarih Son Görülme | İtibaren Geçerli Fiyatlar | Sigara Kamu Notu | Koha Öğesi Türü |
|---|---|---|---|---|---|---|---|---|---|---|
| Kütüphane dışına çıkarılamaz | CHP Kütüphanesi | CHP Kütüphanesi | 07/08/2019 | ATA 327.56047 P36a 2005 | 019258 | 07/08/2019 | 07/08/2019 | Ertuğrul Çepni bağışıdır. | Books |
